UBT Library

Principles of communication systems. (Record no. 43002)

000 -LEADER
fixed length control field 00594cam a22002411 4500
001 - CONTROL NUMBER
control field 6988334
005 - DATE AND TIME OF LATEST TRANSACTION
control field 20180221035750.0
008 - FIXED-LENGTH DATA ELEMENTS--GENERAL INFORMATION
fixed length control field 740618s1955 xx 000 0 eng
010 ## - LIBRARY OF CONGRESS CONTROL NUMBER
LC control number 55009714
015 ## - NATIONAL BIBLIOGRAPHY NUMBER
National bibliography number GB55-12605
035 ## - SYSTEM CONTROL NUMBER
System control number (OCoLC)921804
040 ## - CATALOGING SOURCE
Original cataloging agency DLC
Transcribing agency TxU-Da
Modifying agency Uk
-- DLC
041 ## - LANGUAGE CODE
Language code of text/sound track or separate title eng
042 ## - AUTHENTICATION CODE
Authentication code premarc
080 ## - UNIVERSAL DECIMAL CLASSIFICATION NUMBER
Universal Decimal Classification number 621.38 HER
082 ## - DEWEY DECIMAL CLASSIFICATION NUMBER
Classification number 621.38 HER
100 1# - Rafti
Rafti 30
101 ## - Shkurtesa
Shkurtesa COM
245 10 - TITLE STATEMENT
Title Principles of communication systems.
740 0# - ADDED ENTRY--UNCONTROLLED RELATED/ANALYTICAL TITLE
Uncontrolled related/analytical title Communication systems.
906 ## - LOCAL DATA ELEMENT F, LDF (RLIN)
a 7
b cbc
c oclcrpl
d u
e ncip
f 19
g y-gencatlg
942 ## - ADDED ENTRY ELEMENTS (KOHA)
Source of classification or shelving scheme
Item type Books
Holdings
Withdrawn status Lost status Source of classification or shelving scheme Damaged status Not for loan Collection code Permanent location Current location Shelving location Date acquired Total Checkouts Full call number Barcode Date last seen Price effective from Koha item type
          Koleksioni i përgjithshem UBT - Lipjan UBT - Lipjan Koleksioni i përgjithshem 02/21/2018   621.38 HER 002-2999919 02/21/2018 02/21/2018 Books
UBT Library © 2015-2024. All rights reserved University Education for Business and Technology